000 00937nam a22002777a 4500
003 CBULib
005 20230821095604.0
008 230814b |||||||| |||| 00| 0 eng d
020 _a97892310001291
040 _aCBULib
_bEnglish
_cCBULib
_erda
041 _aeng
050 _aUNESCO(02)2015/4
110 _9635
_aUnited Nations Educational, Scientific and Cultural Organization(UNESCO)
245 _aUNESCO science report : towards 2030
_c/ by United Nations Educational, Scientific and Cultural Organization (UNESCO)
260 _aParis :
_bUNESCO Publishing,
_c[2015]
300 _axxii, 794 pages : illustrations
336 _2rdacontent
_aText |
_btxt
337 _2rdamedia
_aUnmediated |
_bn
338 _2rdacarrier
_aVolume
_bnc
650 0 _9499
_aRESEARCH
650 0 _9500
_aSCIENCE
650 0 _9628
_aTECHNOLOGY
650 0 _9629
_aTWENTY-FIRST CENTURY
650 0 _9630
_aDISCOVERIES IN SCIENCE
942 _c029
_2lcc
999 _c81232
_d81232